00394 a2200109 4500001001000000005001700010008004100027245006600068100002300134773011000157999001700267ART_4276320260410161737.0260409a 10aAFJP - Medición y evaluación de la performance financiera1 aMarcel, Alberto E.0 tEjecutivos de finanzasgNecesidad de reconversión de las Pymes - Año 13, Nº 133 (mar. 1997)wREV2863 c18409d18409